Fluid mechanics and Hydraulic machines (Record no. 1193)

MARC details
000 -LEADER
fixed length control field 00406nam a22001697a 4500
005 - DATE AND TIME OF LATEST TRANSACTION
control field 20160520122414.0
008 - FIXED-LENGTH DATA ELEMENTS--GENERAL INFORMATION
fixed length control field 160520b xxu||||| |||| 00| 0 eng d
020 ## - INTERNATIONAL STANDARD BOOK NUMBER
ISBN 978-81-318-0815-3
041 ## - LANGUAGE CODE
Language code of text/sound track or separate title eng
082 ## - DEWEY DECIMAL CLASSIFICATION NUMBER
Item number 3486
100 ## - MAIN ENTRY--AUTHOR NAME
Personal name Bansal R.K.
245 ## - TITLE STATEMENT
Title Fluid mechanics and Hydraulic machines
260 ## - PUBLICATION, DISTRIBUTION, ETC. (IMPRINT)
Name of publisher Laxmi Pub.
300 ## - PHYSICAL DESCRIPTION
Number of Pages 1102
650 ## - SUBJECT ADDED ENTRY--TOPICAL TERM
Topical Term DIPLOMA ENGINEERING
942 ## - ADDED ENTRY ELEMENTS (KOHA)
Koha item type Books
Holdings
Lost status Damaged status Collection code Home library Current library Shelving location Date acquired Cost, normal purchase price Full call number Accession Number Koha item type
    Reference JRU Library   SHELF-72-A 20/05/2016 595.00 3486 3486 Books
    MANAGEMENT JRU Library JRU Library SHELF-51-D 20/05/2016 595.00 3486 3487 Books
      JRU Library   SHELF-42-B 20/05/2016 595.00 3486 3488 Books
      JRU Library   SHELF-42-B 20/05/2016 595.00 3486 3489 Books
      JRU Library   SHELF-42-A 20/05/2016 595.00 3486 3490 Books